| 000 | 00355nam a2200145Ia 4500 | ||
|---|---|---|---|
| 008 | 150201s2005 xx 000 0 und d | ||
| 082 |
_a617.692 _bR2005C |
||
| 100 | _aCARR ALAN B. | ||
| 245 | _aREMOVABLE PARTIAL PROSTHODONTICS | ||
| 250 | _a11TH | ||
| 260 |
_bELSEVIER _aDELHI _c2005 |
||
| 300 | _a1-408 | ||
| 650 | _aPROSTHODONTICS | ||
| 942 |
_2ddc _cBK _03 |
||
| 999 |
_c3203 _d3203 |
||